Countries whose ISO and IOC 3-letter codes differ - Statistics

General Stats
  • This quiz has been taken 9 times
    5 since last reset
  • The average score is 57 of 78
Answer Stats
Country Name % Correct
Brunei
100%
Bulgaria
100%
Chile
100%
Libya
100%
Myanmar
100%
Tonga
100%
United Arab Emirates
100%
Uruguay
100%
Algeria
80%
Angola
80%
Antigua and Barbuda
80%
Barbados
80%
Bhutan
80%
Botswana
80%
Cambodia
80%
Croatia
80%
Denmark
80%
Fiji
80%
Gambia
80%
Germany
80%
Greece
80%
Guatemala
80%
Guinea
80%
Haiti
80%
Indonesia
80%
Iran
80%
Kosovo
80%
Kuwait
80%
Latvia
80%
Lesotho
80%
Madagascar
80%
Malawi
80%
Mauritania
80%
Mongolia
80%
Nepal
80%
Netherlands
80%
Nicaragua
80%
Niger
80%
Nigeria
80%
Oman
80%
Paraguay
80%
Philippines
80%
Seychelles
80%
Slovenia
80%
Sri Lanka
80%
Sudan
80%
Taiwan
80%
Tanzania
80%
Togo
80%
Vanuatu
80%
Vatican City
80%
Vietnam
80%
Zambia
80%
Zimbabwe
80%
Bahamas
60%
Bahrain
60%
Bangladesh
60%
Belize
60%
Burkina Faso
60%
Chad
60%
Equatorial Guinea
60%
Grenada
60%
Honduras
60%
Portugal
60%
Republic of the Congo
60%
Saint Vincent and the Grenadines
60%
Saudi Arabia
60%
South Africa
60%
South Sudan
60%
Switzerland
60%
Costa Rica
40%
Guinea-Bissau
40%
Malaysia
40%
Saint Kitts and Nevis
40%
Samoa
40%
El Salvador
20%
Mauritius
20%
Solomon Islands
20%
No matching quizzes found
Score Distribution
Percent of People with Each Score
Percentile by Number Answered
Your Score History
You have not taken this quiz since the last reset